| 000 | 00919nam a2200265 a 4500 | ||
|---|---|---|---|
| 001 | 15780 | ||
| 003 | BD-RjUL | ||
| 005 | 20211208235903.0 | ||
| 008 | 140210s1960 njua b 000 0 eng | ||
| 035 | _a(BD-RjUL)15835 | ||
| 035 | _a(OCoLC)254705 | ||
| 040 |
_aDLC _cODaWU _dOCoLC _dDLC _dBD-RjUL _beng |
||
| 041 | _aeng | ||
| 082 |
_a658.87 _bHOS 1960 |
||
| 100 | 1 |
_aHoldren, Bob R. _948941 |
|
| 245 | 1 | 4 |
_aThe structure of a retail market and the market behavior of retail units. _cBob R. Holdren. |
| 260 |
_aEnglewood Cliffs, N.J. : _bPrentice-Hall, _cc1960. |
||
| 300 |
_a203 p. : _billus. ; _c24 cm. |
||
| 490 | 0 |
_aThe Ford Foundation doctoral dissertation series, _v1959 |
|
| 500 | _a"Originated as a doctoral dissertation at Yale University and is printed in substantially unaltered form." | ||
| 504 | _aIncludes bibliography. | ||
| 650 | 0 |
_aRetail trade. _948942 |
|
| 942 |
_2ddc _cBK |
||
| 999 |
_c15780 _d15780 |
||